000 00309nam a2200157Ia 4500
100 _aRamadorai/S
650 _aTCS
942 _cBK
366 _f20
245 _aThe TCS story and beyond
260 _bPenguin Books
_c2011
082 _a808.83
_bRAM
300 _a287
546 _aENGLISH
999 _c24240
_d24240